Mountains on license plates Quiz Stats

 Plays Quiz not verified by Sporcle

Challenge
Share
Tweet
Embed
Score 0/14 Timer 01:00
0 Plays Today
State % Correct
Colorado
95.4%
Washington
86.6%
Montana
84%
Oregon
77.9%
Idaho
77.9%
Utah
77.5%
Arizona
72.9%
State % Correct
Wyoming
72.5%
Nevada
67.6%
Alaska
63%
New Hampshire
58.8%
South Dakota
48.5%
New York
37.4%
Tennessee
35.1%

You're not logged in!

Compare scores with friends on all Sporcle quizzes.
Join for Free
OR
Log In

You Might Also Like...

Show Comments

Extras

Top Quizzes Today


Score Distribution

Your Account Isn't Verified!

In order to create a playlist on Sporcle, you need to verify the email address you used during registration. Go to your Sporcle Settings to finish the process.

Report this User

Report this user for behavior that violates our Community Guidelines.

Details: